Đang tải...

Nano crystal semiconductor synthesis characterisation and photodegradation

Chi tiết về thư mục
Tác giả chính: Binu Naufal
Định dạng: Electronic Thesis
Ngôn ngữ:English
Những chủ đề:
Truy cập trực tuyến:http://hdl.handle.net/10603/217541
LEADER 00574nam a2200181Ia 4500
001 219453
008 190202t ii ||||fom||| 00| 0 eng d
100 |a Binu Naufal 
245 |a Nano crystal semiconductor synthesis characterisation and photodegradation 
502 |a Thesis (Ph. D.) -- Department of Chemistry, University of Calicut, 
546 |a English 
653 |a Nano crystal 
653 |a Nano crystal||Photodegradation 
653 |a Photo degradation 
796 |a Pradeepan Periyat 
856 |u http://hdl.handle.net/10603/217541 
952 |a ON  |c ETD  |y ETD 
999 |c etd219453